00374nam a22001097a 4500999001700000100004700017245006000064260003200124300000900156942000700165952009200172 c64871d64868 aHaroon Khan SherwaniaHaroon Khan Sherwani aStudies in muslim political thought and administtration alahorebAshraf Press c1970 a294p cBK 00104070aQUESTCLbQUESTCLd2019-07-02l0pR3933r2019-07-02 00:00:00w2019-07-02yBK